[Event "Online Olym Top DivA 2021"]
[Site "chess.com INT"]
[Date "2021.09.09"]
[Round "4.5"]
[Board "1"]
[White "Deac, Bogdan-Daniel"]
[Black "Sargissian, Gabriel"]
[Result "1/2-1/2"]
[WhiteTitle "GM"]
[BlackTitle "GM"]
[WhiteElo "2639"]
[BlackElo "2670"]
[WhiteTeam "Romania"]
[BlackTeam "Armenia"]
[WhiteFideId "1226380"]
[BlackFideId "13300881"]
[EventDate "2021.09.08"]
[EventType "team"]

1. e4 e5 2. Nf3 Nc6 3. Bb5 a6 4. Ba4 Nf6 5. O-O Be7 6. Re1 b5 7. Bb3 O-O 8. c3
d5 9. exd5 Nxd5 10. Nxe5 Nxe5 11. Rxe5 c6 12. d3 Bd6 13. Re1 Bf5 14. Qf3 Qh4 15.
g3 Qh3 16. Be3 Bxd3 17. Nd2 Bf5 18. Ne4 Be7 19. Bd4 Bg4 20. Qg2 Qh5 21. Bd1 Bxd1
22. Raxd1 Rfe8 23. Nd2 Bf8 24. Qf3 Rxe1+ 25. Rxe1 Qxf3 26. Nxf3 c5 27. Be5 f6
28. Rd1 Nb6 29. Bc7 Na4 30. Rd2 c4 31. Ba5 Nc5 32. Kf1 Re8 33. Ne1 Na4 34. Nf3
Nc5 35. Ne1 Na4 36. Nf3 Nc5 1/2-1/2

[Event "Online Olym Top DivA 2021"]
[Site "chess.com INT"]
[Date "2021.09.09"]
[Round "4.5"]
[Board "2"]
[White "Martirosyan, Haik M."]
[Black "Miron, Lucian-Costin"]
[Result "1-0"]
[WhiteTitle "GM"]
[BlackTitle "GM"]
[WhiteElo "2636"]
[BlackElo "2512"]
[WhiteTeam "Armenia"]
[BlackTeam "Romania"]
[WhiteFideId "13306553"]
[BlackFideId "1210920"]
[EventDate "2021.09.08"]
[EventType "team"]

1. d4 Nf6 2. c4 c6 3. Nf3 d5 4. Nc3 dxc4 5. a4 Bf5 6. e3 e6 7. Bxc4 Bb4 8. O-O
Nbd7 9. Qe2 Bg4 10. h3 Bh5 11. Rd1 O-O 12. e4 Re8 13. Bf4 Nd5 14. Bd2 Qa5 15.
Rac1 h6 16. Bd3 N5b6 17. e5 Nf8 18. g4 Bg6 19. Bxg6 Nxg6 20. h4 Nd5 21. Nxd5
exd5 22. h5 Nf8 23. Nh4 Ne6 24. Nf5 Bxd2 25. Qxd2 Qxa4 26. Ra1 Qb3 27. Ra3 Qb6
28. b4 a6 29. f4 Qd8 30. Rg3 a5 31. g5 hxg5 32. fxg5 axb4 33. g6 Ra3 34. gxf7+
Kxf7 35. Nh6+ gxh6 36. Rf1+ Ke7 37. Qxb4+ Kd7 38. Qxa3 Qe7 39. Qb2 Kc7 40. Rf6
Ng5 41. Rb3 Rb8 42. Qa3 Qxa3 43. Rxa3 b5 44. Rxh6 b4 45. Rb3 Ne4 46. Rh7+ 1-0

[Event "Online Olym Top DivA 2021"]
[Site "chess.com INT"]
[Date "2021.09.09"]
[Round "4.5"]
[Board "3"]
[White "Peptan, Corina-Isabela"]
[Black "Mkrtchian, Lilit"]
[Result "1-0"]
[WhiteTitle "IM"]
[BlackTitle "IM"]
[WhiteElo "2385"]
[BlackElo "2378"]
[WhiteTeam "Romania"]
[BlackTeam "Armenia"]
[WhiteFideId "1201930"]
[BlackFideId "13300601"]
[EventDate "2021.09.08"]
[EventType "team"]

1. d4 Nf6 2. c4 e6 3. Nf3 b6 4. Nc3 Bb4 5. Bd2 Bb7 6. e3 O-O 7. Bd3 d5 8. cxd5
exd5 9. O-O a6 10. Ne5 Bd6 11. f4 c5 12. Be1 Nc6 13. Nxc6 Bxc6 14. Bh4 Be7 15.
Rf3 Ne4 16. Bxe7 Qxe7 17. Bxe4 dxe4 18. Rh3 Rad8 19. Qh5 h6 20. d5 Bb7 21. Rd1
b5 22. Rg3 Rd6 23. Qe5 Qxe5 24. fxe5 Rdd8 25. Nxe4 Ba8 26. Nd6 Kh7 27. e4 Rd7
28. a4 f6 29. axb5 fxe5 30. Nc4 axb5 31. Nxe5 Ra7 32. Nd3 c4 33. Nc5 Ra2 34. Ne6
Rf7 35. d6 Bc6 36. Nd8 Rd7 37. Nxc6 Rxb2 38. e5 b4 39. e6 c3 40. exd7 c2 41. Rf1
Rb1 42. Rf3 1-0

[Event "Online Olym Top DivA 2021"]
[Site "chess.com INT"]
[Date "2021.09.09"]
[Round "4.5"]
[Board "4"]
[White "Gaboyan, Susanna"]
[Black "Nastase, Andreea-Cristina"]
[Result "1-0"]
[WhiteTitle "WIM"]
[BlackTitle "WFM"]
[WhiteElo "2253"]
[BlackElo "2092"]
[WhiteTeam "Armenia"]
[BlackTeam "Romania"]
[WhiteFideId "13303627"]
[BlackFideId "1221183"]
[EventDate "2021.09.08"]
[EventType "team"]

1. Nf3 d5 2. g3 g6 3. Bg2 Bg7 4. O-O e5 5. d3 Ne7 6. Nc3 O-O 7. e4 d4 8. Ne2 Bg4
9. h3 Bd7 10. Ne1 Qc8 11. Kh2 c5 12. f4 Nbc6 13. Nf3 f5 14. fxe5 fxe4 15. dxe4
Nxe5 16. Nxe5 Bxe5 17. Bh6 Bg7 18. Qd2 Nc6 19. Qg5 Bxh6 20. Qxh6 Ne5 21. Qg5 Nf7
22. Qf4 Bb5 23. Qd2 Ne5 24. Rxf8+ Qxf8 25. Nf4 Nc4 26. Qe2 a6 27. a4 Nxb2 28.
axb5 c4 29. bxa6 bxa6 30. e5 Rb8 31. Rxa6 Qc5 32. e6 Re8 33. Qe4 Re7 34. Nd5 d3
35. Nxe7+ Qxe7 36. Qa8+ Kg7 37. Ra7 1-0

[Event "Online Olym Top DivA 2021"]
[Site "chess.com INT"]
[Date "2021.09.09"]
[Round "4.5"]
[Board "5"]
[White "Gavrilescu, David"]
[Black "Gharibyan, Mamikon"]
[Result "0-1"]
[WhiteTitle "IM"]
[BlackTitle "IM"]
[WhiteElo "2477"]
[BlackElo "2471"]
[WhiteTeam "Romania"]
[BlackTeam "Armenia"]
[WhiteFideId "1227190"]
[BlackFideId "13308300"]
[EventDate "2021.09.08"]
[EventType "team"]

1. e4 c5 2. Nf3 Nc6 3. Bb5 e6 4. O-O Nge7 5. d4 cxd4 6. Nxd4 Qb6 7. Nxc6 dxc6 8.
Bc4 Ng6 9. a4 a5 10. Nd2 Be7 11. Kh1 Qc7 12. Qh5 Nf4 13. Qg4 Bf6 14. Nb3 e5 15.
Qg3 O-O 16. Be3 h5 17. Nc5 Kh7 18. Bxf4 exf4 19. Qb3 g6 20. Rfe1 Bd4 21. Nd3 f3
22. gxf3 Bh3 23. Rg1 Rae8 24. Rg3 Bc8 25. Rag1 h4 26. R3g2 Bh3 27. Rg5 Bf6 28.
Qa3 b6 29. b3 Bxg5 30. Rxg5 Be6 31. Bxe6 fxe6 32. Ne5 Rf6 33. Qc1 h3 34. Qf1 Kg7
35. Qxh3 Rg8 36. Qg4 Kf8 37. Nxg6+ Ke8 38. e5 Rf5 39. Rxf5 exf5 40. Qxf5 Qd7 41.
e6 Qg7 42. Qf7+ Qxf7 43. exf7+ Kxf7 44. Ne5+ Ke6 45. Nxc6 Rc8 46. Na7 Rxc2 47.
Kg2 Ke5 48. Kg3 Rc3 49. Kg4 Rxb3 50. f4+ Kf6 51. h4 Rb4 52. Nc8 b5 53. axb5 a4
54. Nb6 Kf7 55. Nxa4 Rxa4 56. Kg5 Rb4 57. h5 Rxb5+ 58. f5 Kg7 59. h6+ Kh7 60. f3
Ra5 61. f4 Rb5 62. Kf6 Kxh6 63. Ke6 Kg7 64. f6+ Kf8 65. f5 Rb6+ 0-1

[Event "Online Olym Top DivA 2021"]
[Site "chess.com INT"]
[Date "2021.09.09"]
[Round "4.5"]
[Board "6"]
[White "Sargsyan, Anna M."]
[Black "Ciolacu, Alessia-Mihaela"]
[Result "1-0"]
[WhiteTitle "WGM"]
[BlackTitle "WFM"]
[WhiteElo "2402"]
[BlackElo "2186"]
[WhiteTeam "Armenia"]
[BlackTeam "Romania"]
[WhiteFideId "13308130"]
[BlackFideId "1252640"]
[EventDate "2021.09.08"]
[EventType "team"]

1. d4 Nf6 2. c4 e6 3. Nf3 d5 4. Nc3 a6 5. cxd5 exd5 6. Qb3 Be7 7. Bg5 c6 8. h4
Nbd7 9. e3 h6 10. Bf4 b5 11. Bd3 O-O 12. Qc2 c5 13. dxc5 Nxc5 14. Bf5 b4 15. Ne2
b3 16. axb3 Bxf5 17. Qxf5 Nxb3 18. Rd1 Qa5+ 19. Kf1 Rac8 20. g4 Rc5 21. g5 Ne4
22. gxh6 g6 23. Qd7 Bf6 24. h5 Nbd2+ 25. Nxd2 Nxd2+ 26. Kg2 Qb4 27. Ng3 Ne4 28.
hxg6 fxg6 29. Rxd5 Nxg3 30. Kxg3 Qe4 31. Rxc5 Qxh1 32. Qd5+ Qxd5 33. Rxd5 Bxb2
34. Rd6 Rf6 35. Rd8+ Kh7 36. Rd7+ Kg8 37. Kg4 a5 38. Ra7 Bc3 39. e4 Rf7 40. Ra6
Kh7 41. e5 Re7 42. e6 Rb7 43. Bg5 Bb4 44. Ra8 Be7 45. Rxa5 Rb4+ 46. f4 Bxg5 47.
Kxg5 Rb7 48. Rd5 Kg8 49. Rd8+ 1-0

[Event "Online Olym Top DivA 2021"]
[Site "chess.com INT"]
[Date "2021.09.09"]
[Round "5.1"]
[Board "1"]
[White "Sargissian, Gabriel"]
[Black "Jumabayev, Rinat"]
[Result "0-1"]
[WhiteTitle "GM"]
[BlackTitle "GM"]
[WhiteElo "2670"]
[BlackElo "2651"]
[WhiteTeam "Armenia"]
[BlackTeam "Kazakhstan"]
[WhiteFideId "13300881"]
[BlackFideId "13702661"]
[EventDate "2021.09.08"]
[EventType "team"]

1. d4 d5 2. c4 c6 3. Nf3 Nf6 4. e3 a6 5. Nbd2 e6 6. b3 c5 7. Bb2 Nc6 8. Be2 dxc4
9. Nxc4 cxd4 10. O-O b5 11. Nce5 Nxe5 12. Nxe5 Bb7 13. Bf3 Bxf3 14. Qxf3 Qd5 15.
Rac1 Qxf3 16. gxf3 dxe3 17. fxe3 Nd5 18. e4 Nf4 19. Rc7 Bd6 20. Rc6 Be7 21. Rc7
Bd6 22. Rc6 Be7 23. Rc7 Bd8 24. Rxf7 Nd3 25. Rb7 Nxb2 26. Rc1 O-O 0-1

[Event "Online Olym Top DivA 2021"]
[Site "chess.com INT"]
[Date "2021.09.09"]
[Round "5.1"]
[Board "2"]
[White "Makhnev, Denis"]
[Black "Martirosyan, Haik M."]
[Result "0-1"]
[WhiteTitle "IM"]
[BlackTitle "GM"]
[WhiteElo "2513"]
[BlackElo "2636"]
[WhiteTeam "Kazakhstan"]
[BlackTeam "Armenia"]
[WhiteFideId "13707647"]
[BlackFideId "13306553"]
[EventDate "2021.09.08"]
[EventType "team"]

1. d4 Nf6 2. c4 e6 3. Nf3 b6 4. g3 Ba6 5. Qa4 Bb7 6. Bg2 c5 7. dxc5 bxc5 8. O-O
Be7 9. Nc3 O-O 10. Rd1 Qb6 11. Qc2 h6 12. h3 d6 13. Be3 Nc6 14. Rd2 a6 15. Rad1
Qc7 16. b3 Rfd8 17. Qc1 e5 18. Ne1 Nd4 19. Qb1 d5 20. cxd5 Nxd5 21. Nxd5 Bxd5
22. Rc1 Qb7 23. g4 a5 24. Bxd5 Qxd5 25. Qd3 a4 26. Qc4 Qe4 27. Qd3 Qxd3 28. Nxd3
axb3 29. Bxd4 cxd4 30. axb3 Bg5 31. f4 exf4 32. Rf1 f3 33. Rc2 Be3+ 34. Kh2 fxe2
35. Rxe2 Rdc8 36. Rd1 Rc3 37. b4 Raa3 38. Nf2 Bxf2 39. Rxf2 Rxh3+ 40. Kg1 Rhg3+
41. Rg2 Rxg2+ 42. Kxg2 d3 43. Rb1 d2 0-1

[Event "Online Olym Top DivA 2021"]
[Site "chess.com INT"]
[Date "2021.09.09"]
[Round "5.1"]
[Board "3"]
[White "Danielian, Elina"]
[Black "Abdumalik, Zhansaya"]
[Result "0-1"]
[WhiteTitle "GM"]
[BlackTitle "GM"]
[WhiteElo "2450"]
[BlackElo "2502"]
[WhiteTeam "Armenia"]
[BlackTeam "Kazakhstan"]
[WhiteFideId "13300210"]
[BlackFideId "13703544"]
[EventDate "2021.09.08"]
[EventType "team"]

1. d4 Nf6 2. c4 g6 3. g3 c5 4. Nf3 Bg7 5. Bg2 cxd4 6. O-O O-O 7. Qxd4 Nc6 8. Qh4
Qa5 9. Nc3 Qh5 10. Qxh5 Nxh5 11. c5 b6 12. cxb6 axb6 13. Rd1 Rb8 14. a4 d6 15.
Be3 Nb4 16. Rac1 Ba6 17. Nd4 Nf6 18. Ncb5 Rfc8 19. Bd2 Bxb5 20. axb5 Nfd5 21.
Bxd5 Nxd5 22. Nc6 Bxb2 23. Nxb8 Bxc1 24. Bxc1 Nc3 25. Nc6 Rc7 26. Re1 Nxb5 27.
Nb4 Nd4 28. Bh6 f6 29. h4 Kf7 30. Kg2 Rc4 31. Nd5 b5 32. Be3 Nc2 33. Rb1 b4 34.
Rb3 e6 35. Nb6 Rc6 36. Na4 Ra6 37. Nb2 Ra3 38. Rd3 Ne1+ 39. Kf1 Nxd3 40. Nxd3 b3
41. Bd4 e5 42. Bb2 Ra2 43. e4 f5 44. f3 fxe4 45. fxe4 Ra4 46. Ke2 Rxe4+ 47. Kf3
Rc4 48. Ke3 Ke6 49. Ba3 Rc2 50. Bb2 Kf5 51. Ba3 d5 52. Nb4 d4+ 53. Kd3 Rc3+ 54.
Kd2 Rxg3 55. Nc6 Rg2+ 56. Kc1 Ke4 57. Bd6 Rc2+ 0-1

[Event "Online Olym Top DivA 2021"]
[Site "chess.com INT"]
[Date "2021.09.09"]
[Round "5.1"]
[Board "4"]
[White "Saduakassova, Dinara"]
[Black "Mkrtchian, Lilit"]
[Result "1/2-1/2"]
[WhiteTitle "IM"]
[BlackTitle "IM"]
[WhiteElo "2489"]
[BlackElo "2378"]
[WhiteTeam "Kazakhstan"]
[BlackTeam "Armenia"]
[WhiteFideId "13700090"]
[BlackFideId "13300601"]
[EventDate "2021.09.08"]
[EventType "team"]

1. d4 Nf6 2. Nf3 e6 3. Bf4 c5 4. e3 Be7 5. Nbd2 Nc6 6. c3 Nh5 7. dxc5 Nxf4 8.
exf4 Bxc5 9. Ne4 Be7 10. Nd6+ Bxd6 11. Qxd6 Qe7 12. O-O-O Qxd6 13. Rxd6 Ke7 14.
Rd2 d5 15. f5 exf5 16. Rxd5 Be6 17. Rd2 Bxa2 18. Bb5 Be6 19. Kc2 Rac8 20. Re1
Rhd8 21. Rxd8 Nxd8 22. Nd4 g6 23. b4 a6 24. Ba4 Kf6 25. f3 Rc7 26. Rd1 Ke7 27.
Re1 h5 28. h4 Kf6 29. Rd1 Ke7 30. Re1 Kf6 31. Rd1 Ke7 32. Re1 1/2-1/2

[Event "Online Olym Top DivA 2021"]
[Site "chess.com INT"]
[Date "2021.09.09"]
[Round "5.1"]
[Board "5"]
[White "Hakobyan, Aram"]
[Black "Zhalmakhanov, Ramazan"]
[Result "1-0"]
[WhiteTitle "GM"]
[BlackTitle "IM"]
[WhiteElo "2621"]
[BlackElo "2414"]
[WhiteTeam "Armenia"]
[BlackTeam "Kazakhstan"]
[WhiteFideId "13306677"]
[BlackFideId "13706357"]
[EventDate "2021.09.08"]
[EventType "team"]

1. d4 d5 2. c4 e6 3. Nf3 Nf6 4. Nc3 dxc4 5. e4 Bb4 6. Bg5 h6 7. Bxf6 Qxf6 8.
Bxc4 c5 9. O-O O-O 10. e5 Qd8 11. Ne4 cxd4 12. Qe2 Nc6 13. Rad1 Be7 14. Ng3 b5
15. Bd3 Bb7 16. Qe4 g6 17. Qg4 Kh8 18. Be4 Qc7 19. Rc1 Qb6 20. Rfd1 Rac8 21. a3
Na5 22. h4 Bxe4 23. Nxe4 Rxc1 24. Rxc1 Qd8 25. Qf4 Kg7 26. Nd6 Bxd6 27. exd6 Nc4
28. Qxd4+ Qf6 29. Qc5 Rd8 30. Rd1 e5 31. Qxb5 Rxd6 32. Rxd6 Nxd6 33. Qxe5 Nc4
34. Qc5 Nxb2 35. Qxa7 Nc4 36. a4 Kh7 37. Qd4 Qc6 38. Qf4 Nd6 39. Ne5 Qd5 40. Ng4
Qd1+ 41. Kh2 Nf5 42. h5 Qa1 43. hxg6+ fxg6 44. Qc7+ Kg8 45. a5 h5 46. Ne5 Nh6
47. Qd8+ Kh7 48. Qe7+ Kg8 49. Qe8+ 1-0

[Event "Online Olym Top DivA 2021"]
[Site "chess.com INT"]
[Date "2021.09.09"]
[Round "5.1"]
[Board "6"]
[White "Assaubayeva, Bibisara"]
[Black "Sargsyan, Anna M."]
[Result "1-0"]
[WhiteTitle "IM"]
[BlackTitle "WGM"]
[WhiteElo "2400"]
[BlackElo "2402"]
[WhiteTeam "Kazakhstan"]
[BlackTeam "Armenia"]
[WhiteFideId "13708694"]
[BlackFideId "13308130"]
[EventDate "2021.09.08"]
[EventType "team"]

1. d4 d5 2. c4 c6 3. Nf3 Nf6 4. e3 e6 5. Bd3 Nbd7 6. O-O Bd6 7. Nbd2 O-O 8. e4
dxe4 9. Nxe4 Nxe4 10. Bxe4 Nf6 11. Bc2 Qc7 12. Bg5 Nd7 13. Qd3 g6 14. Qd2 c5 15.
Bh6 Re8 16. Rad1 Bf8 17. d5 exd5 18. cxd5 Bd6 19. Rfe1 Rd8 20. Qc3 f6 21. Bb3 b5
22. Re7 c4 23. Rg7+ Kh8 24. Ng5 Rf8 25. Rxh7+ Kg8 26. Bxf8 Bxf8 27. Qh3 fxg5 28.
Rh8+ Kg7 29. Qh7+ Kf6 30. Rxf8+ 1-0

[Event "Online Olym Top DivA 2021"]
[Site "chess.com INT"]
[Date "2021.09.09"]
[Round "5.2"]
[Board "1"]
[White "Kuybokarov, Temur"]
[Black "Deac, Bogdan-Daniel"]
[Result "1-0"]
[WhiteTitle "GM"]
[BlackTitle "GM"]
[WhiteElo "2549"]
[BlackElo "2639"]
[WhiteTeam "Australia"]
[BlackTeam "Romania"]
[WhiteFideId "14203049"]
[BlackFideId "1226380"]
[EventDate "2021.09.08"]
[EventType "team"]

1. e4 e5 2. Nf3 Nc6 3. Bb5 Nf6 4. O-O Nxe4 5. d4 Nd6 6. Bxc6 dxc6 7. dxe5 Nf5 8.
Qxd8+ Kxd8 9. h3 Ne7 10. Nc3 Ng6 11. Bg5+ Ke8 12. Rad1 Be6 13. Nd4 Bc4 14. Rfe1
h6 15. Bc1 Rd8 16. b3 Bd5 17. Nxd5 cxd5 18. e6 c6 19. Bb2 f6 20. Nf5 Ne7 21. g4
h5 22. Ng3 hxg4 23. hxg4 Rh6 24. f3 c5 25. Bc1 Rh7 26. c4 d4 27. Kg2 b6 28. Nh5
Ng6 29. Rh1 Ke7 30. f4 d3 31. Bd2 Rh8 32. Kg3 Rd6 33. f5 Ne5 34. Bc3 d2 35. Rxd2
Rxd2 36. Bxd2 g6 37. fxg6 Nxg6 38. Rf1 Ne5 39. Bc3 Rh6 40. Bxe5 fxe5 41. Rf7+
Ke8 42. Nf6+ 1-0

[Event "Online Olym Top DivA 2021"]
[Site "chess.com INT"]
[Date "2021.09.09"]
[Round "5.2"]
[Board "2"]
[White "Miron, Lucian-Costin"]
[Black "Chan, Luis"]
[Result "1-0"]
[WhiteTitle "GM"]
[BlackTitle "FM"]
[WhiteElo "2512"]
[BlackElo "2262"]
[WhiteTeam "Romania"]
[BlackTeam "Australia"]
[WhiteFideId "1210920"]
[BlackFideId "3216357"]
[EventDate "2021.09.08"]
[EventType "team"]

1. e4 e6 2. d4 d5 3. Nc3 Bb4 4. e5 c5 5. a3 Bxc3+ 6. bxc3 Ne7 7. Qg4 cxd4 8.
Qxg7 Rg8 9. Qxh7 Qc7 10. Qd3 Qxe5+ 11. Ne2 dxc3 12. Qxc3 Nbc6 13. Qxe5 Nxe5 14.
Ng3 Bd7 15. Nh5 O-O-O 16. Bb2 Nc4 17. Bf6 Nf5 18. Bxd8 Rxd8 19. Bd3 Nh4 20. Rg1
Bc6 21. f3 e5 22. Kf2 Nd6 23. g3 Rh8 24. gxh4 Rxh5 25. Rg5 Rxh4 26. Kg3 Rh8 27.
Rxe5 Kd7 28. h4 f6 29. Re2 d4 30. Rae1 Rh5 31. Kg4 Rh8 32. h5 f5+ 33. Kg5 Bxf3
34. Re7+ Kd8 35. h6 Bd5 36. h7 Bf7 37. Bxf5 Nxf5 38. Rxf7 Ne3 39. Rg7 1-0

[Event "Online Olym Top DivA 2021"]
[Site "chess.com INT"]
[Date "2021.09.09"]
[Round "5.2"]
[Board "3"]
[White "Ryjanova, Julia"]
[Black "Peptan, Corina-Isabela"]
[Result "0-1"]
[WhiteTitle "WGM"]
[BlackTitle "IM"]
[WhiteElo "2296"]
[BlackElo "2385"]
[WhiteTeam "Australia"]
[BlackTeam "Romania"]
[WhiteFideId "4127714"]
[BlackFideId "1201930"]
[EventDate "2021.09.08"]
[EventType "team"]

1. d4 Nf6 2. c4 e6 3. Nc3 Bb4 4. e3 c5 5. Nf3 d5 6. Bd2 cxd4 7. exd4 O-O 8. cxd5
Nxd5 9. Bd3 Nc6 10. O-O Be7 11. a3 Nxc3 12. Bxc3 Bf6 13. Ne5 Ne7 14. Qf3 Nd5 15.
Bd2 b6 16. Qh3 g6 17. Bh6 Bg7 18. Rad1 Bxh6 19. Qxh6 Qf6 20. g3 Qg7 21. Qh4 Bb7
22. Rfe1 Rad8 23. Be4 f6 24. Nd3 Rfe8 25. Bg2 Rd7 26. Qh3 Rde7 27. Qh4 Rd8 28.
Qh3 Rde8 29. Bf1 g5 30. Qg4 Qg6 31. Nc1 h5 32. Qe2 Nc7 33. Bg2 Bxg2 34. Kxg2 Nd5
35. Qd3 Qxd3 36. Nxd3 Rc7 37. Rc1 Kf7 38. f3 Rec8 39. Rxc7+ Rxc7 40. Rc1 Rd7 41.
Kf2 Ne7 42. Nb4 Rxd4 43. Ke2 Rd7 44. Rc2 e5 45. Na2 Ke6 46. Nc3 Nf5 47. Kf2 Nd4
48. Rd2 Rc7 49. Rd1 a6 50. Rh1 Nf5 51. Rd1 Nd6 52. Rd2 Nc4 53. Re2 b5 54. Nd1
Rd7 55. Nc3 Rd3 56. Ne4 Rd5 57. f4 gxf4 58. gxf4 Nd6 59. Ng3 h4 60. Nh5 Rd4 61.
fxe5 fxe5 62. Kg2 Nf5 63. Kh3 Rc4 64. Kg2 Rg4+ 65. Kf3 Rg5 66. Nf4+ Kd6 67. Rd2+
Nd4+ 68. Ke4 Rg4 69. Rf2 Ne6 70. Rd2+ Ke7 71. Kxe5 Rxf4 72. Rd6 Re4+ 0-1

[Event "Online Olym Top DivA 2021"]
[Site "chess.com INT"]
[Date "2021.09.09"]
[Round "5.2"]
[Board "4"]
[White "Nastase, Andreea-Cristina"]
[Black "Zhang, Jilin"]
[Result "0-1"]
[WhiteTitle "WFM"]
[BlackTitle "WGM"]
[WhiteElo "2092"]
[BlackElo "2245"]
[WhiteTeam "Romania"]
[BlackTeam "Australia"]
[WhiteFideId "1221183"]
[BlackFideId "8602867"]
[EventDate "2021.09.08"]
[EventType "team"]

1. d4 Nf6 2. c4 g6 3. Nc3 c5 4. d5 d6 5. e4 Bg7 6. Bd3 O-O 7. Nge2 e6 8. O-O
exd5 9. cxd5 Na6 10. h3 Nc7 11. Be3 b5 12. Qd2 b4 13. Nd1 Re8 14. Ng3 Ba6 15.
Bxa6 Nxa6 16. Qd3 Nc7 17. Rc1 a5 18. f4 Qe7 19. Bxc5 Ncxd5 20. exd5 dxc5 21. d6
Qd7 22. Rxc5 Qa7 0-1

[Event "Online Olym Top DivA 2021"]
[Site "chess.com INT"]
[Date "2021.09.09"]
[Round "5.2"]
[Board "5"]
[White "Winkelman, Albert"]
[Black "Stoleriu, George"]
[Result "1/2-1/2"]
[WhiteTitle "FM"]
[BlackTitle "FM"]
[WhiteElo "2257"]
[BlackElo "2376"]
[WhiteTeam "Australia"]
[BlackTeam "Romania"]
[WhiteFideId "3219941"]
[BlackFideId "1227505"]
[EventDate "2021.09.08"]
[EventType "team"]

1. e4 e6 2. d4 d5 3. Nd2 Be7 4. Ngf3 Nf6 5. e5 Nfd7 6. Bd3 c5 7. c3 Nc6 8. O-O
a5 9. Re1 cxd4 10. cxd4 Qb6 11. Nf1 Nxd4 12. Be3 Nxf3+ 13. Qxf3 Bc5 14. Qg3 O-O
15. Rac1 Bxe3 16. Rxe3 h6 17. Qh4 Qd8 18. Qh3 Qg5 19. Rce1 f5 20. exf6 Nxf6 21.
Re5 Qf4 22. Qg3 Qxg3 23. hxg3 Bd7 24. Nd2 Rfe8 25. Nb3 Kf7 26. Nc5 b6 27. Nb3
Rac8 28. Nd4 Ng4 29. R5e2 Rc5 30. f3 Nf6 31. Kh2 b5 32. g4 b4 33. Kg3 a4 34. f4
a3 35. bxa3 Rc3 36. Re3 Rxa3 37. Nc2 Rxa2 38. Nxb4 Rb2 39. Nc2 Bb5 40. Bxb5 Rxb5
41. Nd4 Rb4 42. Nc6 Re4 43. Ne5+ Ke7 44. Kf3 Rc8 45. Ra1 Rxe3+ 46. Kxe3 Rc7 47.
Ra6 Ne4 48. f5 exf5 49. gxf5 Nc5 50. Rg6 Kf8 51. Kd4 Ne4 52. Kxd5 Nf6+ 53. Kd6
Ra7 54. Nf3 Ra5 55. Ke6 Ra6+ 56. Ke5 Kf7 57. Nh4 Ra4 58. g3 Re4+ 59. Kd6 Re3 60.
Kc7 Rc3+ 61. Kd6 Ne4+ 62. Ke5 Nf6 63. Kf4 Nh5+ 64. Kg4 Nxg3 65. Ra6 Ne4 66. Ng6
Nf6+ 67. Kf4 Rc4+ 68. Kf3 Rc7 69. Ne5+ Kg8 70. Ra8+ Kh7 71. Ng6 Ng8 72. Kf4 Rc4+
73. Ke5 h5 74. Nf8+ Kh6 75. Ne6 Kh7 76. Ng5+ Kh6 77. Rxg8 Kxg5 78. Rxg7+ Kh6 79.
Re7 h4 80. Re8 Kg7 81. f6+ Kf7 82. Re7+ Kf8 83. Kf5 Rc1 84. Rh7 Rf1+ 85. Kg6
Rg1+ 86. Kf5 Rf1+ 1/2-1/2

[Event "Online Olym Top DivA 2021"]
[Site "chess.com INT"]
[Date "2021.09.09"]
[Round "5.2"]
[Board "6"]
[White "Ciolacu, Alessia-Mihaela"]
[Black "Middleton, Jody"]
[Result "1-0"]
[WhiteTitle "WFM"]
[WhiteElo "2186"]
[BlackElo "1850"]
[WhiteTeam "Romania"]
[BlackTeam "Australia"]
[WhiteFideId "1252640"]
[BlackFideId "3215660"]
[EventDate "2021.09.08"]
[EventType "team"]

1. d4 d5 2. c4 c6 3. Nf3 Nf6 4. e3 Bg4 5. Qb3 Qb6 6. cxd5 Qxb3 7. axb3 Bxf3 8.
gxf3 Nxd5 9. Bd2 e6 10. Na3 Be7 11. Nc2 O-O 12. b4 Nd7 13. Bd3 N7f6 14. Rg1 Nh5
15. Rg4 f5 16. Rg2 a6 17. O-O-O g6 18. Rdg1 Kg7 19. f4 Nhf6 20. h4 Rg8 21. Be2
Kf7 22. Rh1 Ne4 23. Be1 h5 24. f3 Nef6 25. Bd2 b6 26. Bd3 Bd6 27. Kd1 a5 28.
bxa5 bxa5 29. Ke2 Bb4 30. Bc1 Bd6 31. Kf2 Nb4 32. Nxb4 axb4 33. e4 Bc7 34. Bd2
Ra2 35. Rb1 Bb6 36. Bxb4 Bxd4+ 37. Kg3 Rb8 38. Bc3 Bxc3 39. bxc3 Rxg2+ 40. Kxg2
Rxb1 41. Bxb1 Nd7 42. Kf2 Nc5 43. Ke3 Na4 44. Kd4 Ke7 45. Bc2 Nb6 46. Kc5 Nd7+
47. Kxc6 fxe4 48. fxe4 e5 49. f5 gxf5 50. exf5 Nf8 51. c4 Kf6 52. c5 Nh7 53. Kd6
e4 54. Bxe4 Nf8 55. c6 1-0

[Event "Online Olym Top DivA 2021"]
[Site "chess.com INT"]
[Date "2021.09.09"]
[Round "5.3"]
[Board "1"]
[White "Batchuluun, Tsegmed"]
[Black "Mchedlishvili, Mikheil"]
[Result "1-0"]
[WhiteTitle "GM"]
[BlackTitle "GM"]
[WhiteElo "2536"]
[BlackElo "2571"]
[WhiteTeam "Mongolia"]
[BlackTeam "Georgia"]
[WhiteFideId "4900847"]
[BlackFideId "13600966"]
[EventDate "2021.09.08"]
[EventType "team"]

1. d4 Nf6 2. c4 g6 3. Nc3 d5 4. Bf4 Bg7 5. e3 c5 6. dxc5 Qa5 7. Rc1 Nbd7 8. cxd5
O-O 9. Bc4 Nxc5 10. a3 Nfe4 11. Ne2 Nxc3 12. Nxc3 Ne4 13. Qb3 Bd7 14. Qxb7 Nxc3
15. bxc3 Bxc3+ 16. Ke2 Rfc8 17. Qa6 Rxc4 18. Qxa5 Bxa5 19. Rxc4 Bb5 20. Kd3 Rc8
21. Rc1 f5 22. f3 Kf7 23. e4 fxe4+ 24. fxe4 Kf6 25. a4 Ba6 26. Be3 Rc7 27. Bd4+
Kf7 28. Be5 Rc8 29. Bb2 Ke8 30. Ba3 Kd7 31. Kd4 Bb6+ 32. Bc5 Bxc4 33. Rxc4 Rf8
34. Bxb6 axb6 35. Rb4 Ra8 36. Ke5 Ra6 37. h4 Ke8 38. g4 Kf7 39. Rc4 Ra5 40. Rb4
Ra6 41. g5 Ra5 42. Kd4 Ke8 43. e5 e6 44. d6 Kd7 45. Rc4 Kd8 46. Ke4 Ra7 47. Rb4
Kd7 48. Kd4 Ra5 49. Rxb6 Rxa4+ 50. Kc5 Rxh4 51. Rb7+ Kd8 52. Re7 Rh1 53. Rxe6
Rc1+ 54. Kd4 Rd1+ 55. Kc3 Rc1+ 56. Kd2 Rg1 57. Re7 Rxg5 58. Kd3 Rg4 59. Rxh7 Rg1
60. Ke4 Rd1 61. Rg7 1-0